000 00553nam a22001817a 4500
005 20251108165338.0
008 250721s1970 xx 000 0 ara d
082 1 4 _a961.1/حمو
100 1 _aبن عبد العزيز، حموده بن محمد
245 1 0 _aالكتاب الباشي /
264 1 _aتونس :
_bالدار التونسية للنشر،
_c1970.
300 _a
490 0 _aنفائس المخطوطات
650 1 7 _aتاريخ تونس
700 1 _aماضور، محمد
_eتحقيق
942 _2ddc
_cBK
999 _c25623
_d25623